000 00290nam a22001337a 4500
008 171030b xxu||||| |||| 00| 0 eng d
020 _a020100903-X
041 _aeng
080 _a336
100 _a56
101 _aFIN
245 _aINTERNATIONAL FINANCE
_cCARLSON,R.S
942 _2udc
_cBK
999 _c36319
_d36319